书目信息 |
| 题名: |
10/0.4kV电力变压器
|
|
| 作者: | 孟宪章 编著 | |
| 分册: | ||
| 出版信息: | 北京 中国电力出版社 2005.04 |
|
| 页数: | 253页 | |
| 开本: | 24cm | |
| 丛书名: | 楼宇电气系统安装运行维护丛书 | |
| 单 册: | ||
| 中图分类: | TM41 | |
| 科图分类: | ||
| 主题词: | 电力变压器--dian li bian ya qi | |
| 电子资源: | ||
| ISBN: | 7-5083-2924-4 | |
| 000 | 01183nam 2200253 450 | |
| 001 | 012006253829 | |
| 005 | 20060701082326.51 | |
| 010 | @a7-5083-2924-4@dCNY26.00 | |
| 100 | @a20060609d2005 km y0chiy0120 ea | |
| 101 | 0 | @achi |
| 102 | @aCN@b110000 | |
| 105 | @aa a 000yy | |
| 200 | 1 | @a10/0.4kV电力变压器@A10/0.4kV dian li bian ya qi@f孟宪章编著@Fmeng xian zhang bian zhu |
| 210 | @a北京@c中国电力出版社@d2005.04 | |
| 215 | @a253页@c图@d24cm | |
| 225 | 2 | @a楼宇电气系统安装运行维护丛书@Alou yu dian qi xi tong an zhuang yun xing wei hu cong shu |
| 320 | @a有书目 (第253页)。 | |
| 330 | @a本书共分3章。第1章油浸式电力变压器,主要内容为:变压器铭牌数据、变压器结构、变压器的安装、变压器的试验、变压器的运行与保护、变压器的重绕设计。第2章干式(树脂型)电力变压器,主要内容为:变压器的技术数据、变压器的结构和外形尺寸、变压器的安装、变压器的试验、变压器的运行与维护。第3章变压器温度控制器,主要内容为:温度控制器的型号、技术数据、接线与运行使用。 | |
| 410 | 0 | @12001 @a楼宇电气系统安装运行维护丛书 |
| 606 | 0 | @a电力变压器@Adian li bian ya qi |
| 690 | @aTM41@v4 | |
| 701 | 0 | @a孟宪章@Ameng xian zhang@4编著 |
| 801 | 0 | @aCN@bQSSK@c20060701 |
| 905 | @a10447@dTM41@eM624 | |
| 10/0.4kV电力变压器/孟宪章编著.-北京:中国电力出版社,2005.04 |
| 253页:图;24cm.-(楼宇电气系统安装运行维护丛书) |
| ISBN 7-5083-2924-4:CNY26.00 |
| 本书共分3章。第1章油浸式电力变压器,主要内容为:变压器铭牌数据、变压器结构、变压器的安装、变压器的试验、变压器的运行与保护、变压器的重绕设计。第2章干式(树脂型)电力变压器,主要内容为:变压器的技术数据、变压器的结构和外形尺寸、变压器的安装、变压器的试验、变压器的运行与维护。第3章变压器温度控制器,主要内容为:温度控制器的型号、技术数据、接线与运行使用。 |
| ● |
| 相关链接 |
|
|
|
正题名:10/0.4kV电力变压器
索取号:TM41/M624
 
预约/预借
| 序号 | 登录号 | 条形码 | 馆藏地/架位号 | 状态 | 备注 |
| 1 | 581706 | 205817062 | 自科二线404/404自科库 20排2列2层/ [索取号:TM41/M624] | 在馆 | |
| 2 | 581707 | 205817071 | 自科库301/301自科库 12排3列1层/ [索取号:TM41/M624] | 在馆 | |
| 3 | 581708 | 205817080 | 自科二线404/404自科库 20排2列2层/ [索取号:TM41/M624] | 在馆 |